00239nam a2200085 a 450000500170000000800410001705000240005824500450008265000260012720140414093846.0100218s19uu xx uuu eng d aVCD 920bJOS [n.d.] aJose Rizal :bAng buhay ng Isang Bayani. aRizal y Alonzo, Jose.